000
00254nam a22000977a 4500
082
_a
823
_b
BLY/B
100
_a
BLYTON, ENID
245
_a
BINKLE AND FLIP MISBEHAVE
_b
BINKLE AND FLIP MISBEHAVE
_c
BINKLE AND FLIP MISBEHAVE
650
_a
ENGLISH STORY
942
_c
BK
999
_c
8894
_d
8894